| 000 | 00837cam a2200277Ia 4500 | ||
|---|---|---|---|
| 999 |
_c4992 _d4992 |
||
| 001 | 19379684 | ||
| 003 | OCoLC | ||
| 005 | 20181219122724.0 | ||
| 008 | 890317s1983 oku 000 0 eng d | ||
| 020 | _a0892760141 | ||
| 020 | _a9780892760145 | ||
| 035 | _a(OCoLC)19379684 | ||
| 040 |
_aTLC _beng _cTLC _dYDXCP _dOCLCG _dOCLCQ _dOCLCF _dOCLCQ _dBSC |
||
| 082 |
_a232.8 _bH145P |
||
| 092 |
_a232.8 _bH1456p, 1983 |
||
| 100 | 1 |
_aHagin, Kenneth E., _d1917- |
|
| 245 | 1 | 4 |
_aThe present-day ministry of Jesus Christ / _cby Kenneth E. Hagin. |
| 250 | _a2nd ed. | ||
| 260 |
_aTulsa, Okla. : _bKenneth Hagin Ministries, _c©1983. |
||
| 300 |
_a30 pages ; _c22 cm |
||
| 336 |
_atext _btxt _2rdacontent |
||
| 337 |
_aunmediated _bn _2rdamedia |
||
| 338 |
_avolume _bnc _2rdacarrier |
||
| 600 | 0 | 0 |
_aJesus Christ _xPerson and offices. |
| 942 |
_2ddc _cBK |
||